000 00320nam a22001337a 4500
008 170828b xxu||||| |||| 00| 0 eng d
020 _a9780865714113
041 _aeng
080 _a070
100 _a39
101 _aMED
245 _aLET THE MOUNTAINS TALK LET THE RIVES RUN
_cBROWER.D
942 _2udc
_cBK
999 _c25132
_d25132